|
|
|
|
| LEADER |
00000nam a2200000 a 4500 |
| 001 |
vtls001383094 |
| 003 |
SK-MaSNL |
| 005 |
20260302003457.0 |
| 008 |
240314s1999 xo r 0 ger |
| 020 |
|
|
|a 3577104651
|c [736,00]
|
| 035 |
|
|
|a SNK000337165
|
| 040 |
|
|
|a SNK
|b slo
|c SNK
|e AACR2
|
| 041 |
0 |
|
|a ger
|
| 044 |
|
|
|a xo
|c SK
|
| 080 |
|
|
|a 803.0-5
|2 1981
|
| 100 |
1 |
|
|a Götze, Lutz
|4 aut
|9 503864
|
| 245 |
1 |
0 |
|a Grammatik der deutschen Sprache
|n [4]
|p Sprachsystem und Sprachgebrauch
|c Lutz Götze, Ernest W.B. Hess-Lüttich
|
| 250 |
|
|
|a aktualisierte Neuausgabe
|
| 260 |
|
|
|a Gütersloh
|b Bertelsmann Lexikon Verlag
|c 1999
|
| 300 |
|
|
|a 702 s.
|c 19 cm
|
| 650 |
0 |
7 |
|a nemčina
|x gramatika
|x príručky
|2 SNK
|9 292756
|
| 650 |
0 |
7 |
|a gramatika
|2 SNK
|9 865
|
| 700 |
1 |
|
|a Hess-Lüttich, Ernest E.B.
|4 aut
|9 642217
|
| 919 |
|
|
|a 3-577-10465-1
|
| 999 |
|
|
|c 992149
|d 994079
|
| 952 |
|
|
|t P60, <04>, [BOOK], {604}
|a SNK
|b SNK
|y VYP
|7 0
|p 17A0228235
|o snkID 96628
|i snkV 401/2000
|0 0
|1 0
|4 0
|d 2000-03-03
|l 0
|r 2005-01-02 00:00:00
|w 2026-02-24
|